| 000 | 00630nam a2200181Ia 4500 | ||
|---|---|---|---|
| 008 | 090630s9999 xx 000 0 und d | ||
| 082 | _b25017 | ||
| 100 | _aओक जनार्दन. | ||
| 245 |
_aझंकार पैंजणांचा. _cओक जनार्दन. |
||
| 260 |
_bपारस - कोल्हापूर. _c2006 |
||
| 300 | _a248 | ||
| 600 | _aओक जनार्दन. | ||
| 630 | _aझंकार पैंजणांचा. | ||
| 655 | _aकादंबरी. | ||
| 700 | _aओक जनार्दन. | ||
| 730 | _aझंकार पैंजणांचा. | ||
| 942 | _cBOOK | ||
| 999 |
_c276873 _d276873 |
||